000 002410000a22000970004500
100 1 _aAñorga, Martín N.
245 1 0 _aLa biblia en la reforma
300 _aVol. 2, Núm 12 (1990), Páginas 28
773 0 _tImpacto Presbiteriano
942 _cANA
999 _c50953
_d50953